000 01372nam1a22002651i 4500
001 rc\3793486
005 20260406122158.0
021 _aRU
_b[75-29671-72]
035 _a(NLR Aleph) 007252971
090 _a5225112
_c5225112
100 _a20120311g1975 |||y0rusy50 ca
101 0 _arus
102 _aRU
105 _ay z |||||
200 1 _aБиологическая роль и практическое применение микроэлементов
_eТезисы докл. VII всесоюз. совещ.
_f[Ред. коллегия: акад. Я.В. Пейве (отв. ред.) и др.]
_gАН СССР. Науч. совет по проблемам микроэлементов в растениеводстве и животноводстве АН ЛатвССР. Ин-т биологии. 1-
210 _aРига
_cЗинатне
_d1975-
215 _d20
606 _aМикроэлементы
_jТезисы докладов
_2psbo
702 1 _4340
_aПейве
_bЯ. В.
_f1906-1976
_gЯн Вольдемарович
_9215403
_3RU\NLR\AUTH\770215459
712 0 2 _aАН СССР
_bНаучный совет по микроэлементам в растениеводстве и животноводстве
_3RU\NLR\AUTH\8814829
_9302954
801 0 _aRU
_bNLR
_gpsbo
801 1 _aRU
_bELAR
_2rusmarc
852 _aNLR
_j75-3/1845
942 _cBOOK